[Event "Izmir op 16th"]
[Site "Izmir"]
[Date "2017.09.06"]
[Round "3"]
[White "Aydinalp, Suhel"]
[Black "Darban Vaighani, Morteza"]
[Result "0-1"]
[WhiteElo "1793"]
[BlackElo "2300"]
[PlyCount "70"]
[EventDate "2017.09.05"]
[EventType "swiss"]
[EventRounds "9"]
[EventCountry "TUR"]
[SourceTitle "CBM 180 Extra"]
[Source "ChessBase"]
[SourceDate "2017.10.06"]
[SourceVersion "1"]
[SourceVersionDate "2017.10.06"]
[SourceQuality "1"]

1. e4 Nf6 2. e5 Nd5 3. d4 d6 4. Nf3 g6 5. h3 Bg7 6. Be2 0-0 7. 0-0 dxe5 8. Nxe5 c5 9. Nf3 cxd4 10. Nxd4 Nc6 11. Nxc6 bxc6 12. c4 Nb6 13. Nc3 Be6 14. c5 Nd5 15. Bd2 Rb8 16. Qc1 Qc7 17. b3 Rfd8 18. Re1 Bd4 19. Bc4 Bf5 20. Ne4 Bxe4 21. Rxe4 Bxc5 22. Qb2 e6 23. Bh6 Bf8 24. Bxf8 Rxf8 25. h4 Qe7 26. Rae1 Rfd8 27. h5 Qf6 28. Qc1 Rd7 29. hxg6 hxg6 30. Be2 Ne7 31. Bc4 Rbd8 32. Qh6 Rd1 33. Qe3 Qa1 34. Rxe6 Rxe1+ 35. Qxe1 Rd1 0-1